Nový predmet - teória účtovníctva
Pohľad na teoreticko-metodologické východiská účtovníctva. Filozofia účtovníctva a orientácia teoretických východísk uplatňovaných v súčasnej úprave účtovníctva. Získanie základných znalostí z teórie účtovníctva v meniacich sa podmienkach účtovníckej praxe.
Guardado en:
| Autor principal: | |
|---|---|
| Formato: | Capítulo de libro |
| Lenguaje: | eslovaco |
| Materias: | |
| Etiquetas: |
Sin Etiquetas, Sea el primero en etiquetar este registro!
|
MARC
| LEADER | 00000naa$a2200000$$$4500 | ||
|---|---|---|---|
| 001 | 0118087 | ||
| 005 | 20240613071353.0 | ||
| 041 | 0 | |a slo | |
| 044 | |a CZ | ||
| 245 | 1 | 0 | |a Nový predmet - teória účtovníctva |c Renáta Feketeová |
| 520 | |a Pohľad na teoreticko-metodologické východiská účtovníctva. Filozofia účtovníctva a orientácia teoretických východísk uplatňovaných v súčasnej úprave účtovníctva. Získanie základných znalostí z teórie účtovníctva v meniacich sa podmienkach účtovníckej praxe. | ||
| 610 | 2 | 0 | |a teória účtovníctva |
| 610 | 2 | 0 | |a účtovníctvo |
| 610 | 2 | 0 | |a evidencia analytická |
| 610 | 2 | 0 | |a evidencia syntetická |
| 610 | 2 | 0 | |a pravidlá účtovné |
| 610 | 2 | 0 | |a normy účtovné |
| 610 | 2 | 0 | |a účtovníctvo finančné |
| 610 | 2 | 0 | |a závierka účtovná |
| 610 | 2 | 0 | |a metodológia |
| 100 | 1 | |a Feketeová, Renáta, 1974- | |